Spinoza: Journal of an Emendation /
For the last 350 years, nearly all writing devoted to Spinoza is exegetic, providing endless interpretations of his many propositions, axioms, definitions, and scholia. When reflecting on this enormous corpus, the following question immediately springs to mind: instead of adding one more interpretat...
Main Author:
Format: eBook
Language: English
Published:
Leiden ; Boston :
BRILL,
2026.
Series:
Religious Studies, Theology and Philosophy E-Books Online, Collection 2026.
Philosophy as a Way of Life ;
9.
Subjects:
Online Access: Login to view Source
Tags: Add Tag
Call Number: PZ7.S588
| LEADER | 03751nam a22004938i 4500 | ||
|---|---|---|---|
| 001 | BRILL9789004756373 | ||
| 003 | nllekb | ||
| 005 | 20260324115024.0 | ||
| 006 | m d | ||
| 007 | cr un uuuua | ||
| 008 | 260128s2026 gw sb 001 0 eng d | ||
| 020 | |a 9789004756373 |q (electronic book) | ||
| 020 | |z 9789004756366 |q (print) | ||
| 024 | 7 | |a 10.1163/9789004756373 |2 DOI | |
| 040 | |a NL-LeKB |c NL-LeKB |e rda | ||
| 041 | |a eng | ||
| 050 | 4 | |a PZ7.S588 | |
| 072 | 7 | |a PHI |x 005000 |2 bisacsh | |
| 072 | 7 | |a HPQ |2 bicssc | |
| 082 | 0 | 4 | |a 100 |2 23 |
| 100 | 1 | |a Martinon, Jean-Paul, |e author. | |
| 245 | 0 | 0 | |a Spinoza: Journal of an Emendation / |c Jean-Paul Martinon. |
| 246 | 3 | |a Toward an Interdisciplinary Approach to the History of Language and of Human Movement | |
| 264 | 1 | |a Leiden ; |a Boston : |b BRILL, |c 2026. | |
| 264 | 4 | |c ©2026 | |
| 300 | |a 1 online resource (248 pages) : |b illustrations. | ||
| 336 | |a text |b txt |2 rdacontent | ||
| 337 | |a computer |b c |2 rdamedia | ||
| 338 | |a online resource |2 rdacarrier | ||
| 490 | 1 | |a Philosophy as a Way of Life ; |v 9 | |
| 490 | 1 | |a Religious Studies, Theology and Philosophy E-Books Online, Collection 2026 | |
| 504 | |a Includes bibliographical references and index. | ||
| 505 | 0 | |t Foreword -- Abbreviations -- Note to the Reader -- I -- 1 An Indefinite Bonfire -- 2 Part of Me Proves Substance -- 3 In Itself from Loose Ends -- 4 And -- 5 Stealth Object -- 6 From One, Two -- II -- 7 Reality or Perfection -- 8 Or -- 9 My Modal Part(s) -- 10 His Modal Part(s) -- 11 In So Far As -- 12 The Agreement of Perseverance -- III -- 13 To Seek What Is Useful -- 14 No One Pities an Infant -- 15 Just like the Dog -- 16 Nature's Order -- 17 I Depend on Nature's Thinking -- 18 This Is Self-Evident -- IV -- 19 A Tiny Worm -- 20 Adequate Commonality -- 21 The Body Is Never Wrong -- 22 Change, I Hope -- 23 Clarity -- 24 The Mind's Eyes -- V -- 25 Thinking -- 26 Emending -- 27 Escaping the Confusion of Images -- 28 Cultivating Common Notions -- 29 Towards a True Science -- 30 Truth Is Its Own Standard -- VI -- 31 No More Free Will -- 32 Free Thought -- 33 Virtuous Freedom -- 34 To No Longer Feel Sad -- 35 Appetite and Desire -- 36 Feel and Experience -- VII -- 37 I Love You -- 38 Actively Adequate -- 39 To Conclude Intuitively -- 40 Knowledge Now Proceeds -- 41 Acquiescence -- 42 Joy -- 43 As if I Had Just Begun -- Afterword -- Note on the Latin -- Bibliography -- Index Locorum. | |
| 520 | |a For the last 350 years, nearly all writing devoted to Spinoza is exegetic, providing endless interpretations of his many propositions, axioms, definitions, and scholia. When reflecting on this enormous corpus, the following question immediately springs to mind: instead of adding one more interpretation to Spinoza's scholarship, is it possible to undertake the emending project that he proposes in his Treatise on the Emendation of the Intellect and the Ethics? Emendation does not mean altering for the better, but simply choosing a better perspective. Can such a change of perspective be actually achieved? This book attempts to carefully follow and live out Spinoza's emendation project today. | ||
| 546 | |a English | ||
| 588 | |a Description based on print version record. | ||
| 650 | 0 | 0 | |a Philosophy. |
| 650 | 0 | 0 | |a Early Modern Philosophy. |
| 650 | 0 | 0 | |a Ethics & Moral Philosophy. |
| 776 | 0 | 8 | |i Print version: |t Spinoza: Journal of an Emendation. |d Leiden ; Boston : BRILL,2026. |z 9789004756366 |w (OCoLC)1563974226 |w (DLC) 2026930403 |
| 830 | 0 | |a Religious Studies, Theology and Philosophy E-Books Online, Collection 2026. | |
| 830 | 0 | |a Philosophy as a Way of Life ; |v 9. | |
| 856 | 4 | |z DOI: |u http://dx.doi.org/10.1163/9789004756373 | |
| 999 | |c 61966 |d 61966 | ||
